000 00921nas a2200289 4500
001 BR9901833
003 BR-BrBNA
005 20231205101348.0
007 ta
008 230509b bl.|||p| |||| 00| 00por d
040 _aBR-BrBNA
_bpor
_cBiblioteca Nacional de Agricultura
041 _a(Pt)
072 _aL53
100 1 _aSchifino, L.C.
100 1 _aFialho, C.B.
100 1 _aVerani, J.R.
245 1 _aReproductive aspects of Cyphocharax voga (Hensel)from Cutodias Lagoon, Rio Grande do Sul, Brazil (Characiformes, Curimatidae)
650 _aPeixe de Agua Doce
650 _aCurimata
650 _aReproducao Animal
650 _aFecundacao Animal
650 _aPesquisa Pesqueira
650 _aRio Grande do Sul
773 0 _tRevista Brasileira de Zoologia (Brazil)
_xISSN 0101-8175
_g(Sep 1998), v. 15(3) p. 767-773
_wBR9901833
909 _a202311
_bLúcia
_c55
_dLúcia Elande
942 _2AGRIS
_n0
_cANA
999 _c161369
_d161369